000 00542nam a2200205Ia 4500
005 20250425162746.0
008 250425s9999 xx 000 0 und d
020 _a9586152189
041 _aspa
082 _a658
110 _aHARVARD BUSINESS REVIEW
245 0 _aESTRATEGIAS DE HARVARD: ELEMENTOS CLAVE EN LA ADMINISTRACIÓN DE LA MERCADOTECNIA
250 _a1A ED.
260 _aBOGOTA
260 _aColombia
_bEDUCAR CULTURAL RECREATIVA
_c1987
300 _a131
650 _aADMINISTRACION
942 _c01
010 _a105902
999 _c235834
_d235834